[Event "Treas. Valley Ch (Res.)"]
[Site "Nampa, ID"]
[Date "2010.01.23"]
[Round "1.3"]
[White "Klug, Mark"]
[Black "Ebenroth, Wayne W"]
[Result "0-1"]
[WhiteElo "1000"]
[BlackElo "1000"]

1. e4 c5 2. Nf3 Nc6 3. Nc3 e6 4. Bc4 b6 5. Ne2 Be7 6. d4 Bb7 7. O-O Qc7 8. Bf4
Bd6 9. e5 Be7 10. d5 exd5 11. Bxd5 d6 12. exd6 Bxd6 13. Bxd6 Qd7 14. Nf4 Nge7
15. Bxe7 Nxe7 16. Re1 O-O-O 17. Ne5 Qf5 18. Nxf7 Bxd5 19. Nxd8 Rxd8 20. Rxe7
Qxf4 21. Qe1 Qg5 22. Rd1 Qxg2# 0-1

[Event "Treas. Valley Ch (Res.)"]
[Site "Nampa, ID"]
[Date "2010.01.23"]
[Round "1.4"]
[White "Proferes, Aaron"]
[Black "Ebenroth, Rebecca"]
[Result "1-0"]
[WhiteElo "1000"]
[BlackElo "1000"]

1. e4 d5 2. e5 Nc6 3. d4 e6 4. Nf3 Be7 5. Bb5 Bd7 6. Nc3 Nh6 7. Be3 a6 8. Ba4
O-O 9. Qd2 b5 10. Bxh6 bxa4 11. O-O Bb4 12. a3 Bxc3 13. bxc3 Rb8 14. Rab1 Rxb1
15. Rxb1 Qe7 16. Ra1 Na5 17. Bg5 Qe8 18. Rb1 Nc4 19. Qc1 Nxa3 20. Qxa3 Bb5 21.
Be7 Qc6 22. Bxf8 Qc4 23. h3 Qe2 24. Rc1 c6 25. Qd6 Qe4 26. Qd8 h6 27. Be7+ Kh7
28. Bg5 hxg5 29. Nxg5+ Kg6 30. Nxe4 dxe4 31. Re1 a3 32. Rxe4 a2 33. Re1 a5 34.
Qxa5 Bc4 35. Qa4 Bd5 36. c4 Bxc4 37. Qxc4 a1=Q 38. Rxa1 Kf5 39. Qxc6 g5 40.
Qf3+ Kg6 41. Qf6+ Kh5 42. Qxf7+ Kh4 43. Qh7# 1-0

[Event "Treas. Valley Ch (Res.)"]
[Site "Nampa, ID"]
[Date "2010.01.23"]
[Round "2.1"]
[White "Ebenroth, Wayne W"]
[Black "Patterson, Kevin R"]
[Result "0-1"]
[WhiteElo "1000"]
[BlackElo "1200"]

1. e4 c6 2. f4 d5 3. e5 Bf5 4. Nf3 h6 5. d4 e6 6. Bd3 Bxd3 7. Qxd3 Ne7 8. O-O
Nf5 9. a3 Qb6 10. Nbd2 Nd7 11. c4 dxc4 12. Nxc4 Qc7 13. b4 Nb6 14. Ne3 Nxe3
15. Bxe3 Nd5 16. Rfc1 Qd7 17. Nd2 Be7 18. Ne4 O-O 19. Bd2 f5 20. Ng3 g6 21.
Rf1 Rf7 22. Rab1 Rg7 23. Rb3 Kf7 24. Kh1 g5 25. fxg5 hxg5 26. Qe2 f4 27. Qh5+
Kg8 28. Ne4 Qe8 29. Qg4 Qg6 30. Re1 Kf7 31. g3 Rh8 32. gxf4 gxf4 33. Qxg6+
Rxg6 34. Rf3 Ke8 35. Bxf4 Rf8 36. Rg3 Rxg3 37. Bxg3 Nc7 38. Nd2 Nb5 39. Re4
Nxa3 40. h4 Bxb4 41. Nb3 Rf3 42. Kg2 Rxb3 43. h5 Bf8 44. Rg4 Nc4 45. Bf4 Ne3+
46. Bxe3 Rxe3 47. Kf2 Rh3 48. Rg1 Rxh5 49. Rb1 b5 50. Ra1 Rh7 51. Ke3 Rb7 52.
Kd3 {#R} 0-1

[Event "Treas. Valley Ch (Res.)"]
[Site "Nampa, ID"]
[Date "2010.01.23"]
[Round "2.2"]
[White "Patterson, Katie Rae"]
[Black "Ebenroth Jr., Wayne"]
[Result "1-0"]
[WhiteElo "1014"]
[BlackElo "1000"]

1. c4 d5 2. cxd5 Qxd5 3. Nc3 Qd8 4. Nf3 Bg4 5. h3 Bxf3 6. gxf3 e6 7. b3 Be7 8.
e4 Nf6 9. Bd3 O-O 10. Qe2 Bb4 11. e5 Nd5 12. Qe4 Nxc3 13. Qxh7# 1-0

[Event "Treas. Valley Ch (Res.)"]
[Site "Nampa, ID"]
[Date "2010.01.23"]
[Round "2.3"]
[White "Pemsler, Carmen"]
[Black "Proferes, Aaron"]
[Result "0-1"]
[WhiteElo "1000"]
[BlackElo "1000"]

1. c4 e5 2. Nc3 Nc6 3. g3 Bb4 4. Bg2 Bxc3 5. bxc3 Nf6 6. d3 d5 7. cxd5 Nxd5 8.
c4 Nde7 9. Nf3 Bg4 10. O-O Qd7 11. h3 Bxh3 12. Bxh3 Qxh3 13. Bg5 O-O 14. Bxe7
Nxe7 15. Nxe5 Rad8 16. Rb1 Rd6 17. f4 Qxg3+ 18. Kh1 Rh6# 0-1

[Event "Treas. Valley Ch (Res.)"]
[Site "Nampa, ID"]
[Date "2010.01.23"]
[Round "2.4"]
[White "Ebenroth, Rebecca"]
[Black "Pentland, Thomas James"]
[Result "0-1"]
[WhiteElo "1000"]
[BlackElo "1000"]

1. Nf3 c5 2. Nc3 Nc6 3. g3 b6 4. Bg2 Bb7 5. O-O e6 6. b3 Qc7 7. Bb2 O-O-O 8.
e4 Nf6 9. Qe2 Ne7 10. Rad1 d5 11. exd5 Nexd5 12. Nxd5 Bxd5 13. Bxf6 gxf6 14.
Qd3 Bb7 15. Qc3 Be7 16. Rde1 h5 17. Rb1 e5 18. Bh3+ Kb8 19. Qc4 Bxf3 20. Qxf7
Qb7 21. Qe6 Bh1 22. Rfd1 h4 23. gxh4 Rxh4 24. d3 Qf3 25. Kf1 Rxh3 26. Qxe7 Kc8
27. Qxa7 Rxh2 28. Rd2 Rg8 29. Qxb6 Bg2+ 30. Ke1 Rh1# 0-1

[Event "Treas. Valley Ch (Res.)"]
[Site "Nampa, ID"]
[Date "2010.01.23"]
[Round "3.1"]
[White "Patterson, Kevin R"]
[Black "Patterson, Katie Rae"]
[Result "1-0"]
[WhiteElo "1200"]
[BlackElo "1014"]

1. e4 e5 2. Nf3 Nc6 3. Bc4 Nf6 4. d3 g6 5. c3 Bg7 6. O-O O-O 7. Bg5 b6 8. Bb5
Bb7 9. Bxc6 Bxc6 10. Nxe5 Re8 11. Nxc6 dxc6 12. Nd2 Qd6 13. Nf3 Rad8 14. e5
Qe6 15. exf6 Bxf6 16. Bxf6 Qxf6 17. d4 Rd5 18. Re1 Rxe1+ 19. Qxe1 Rh5 20. Qe4
Qf5 21. Re1 Qxe4 22. Rxe4 Ra5 23. a3 c5 24. dxc5 Rxc5 25. h3 a5 26. h4 Rb5 27.
Re2 Kg7 28. Nd4 Rh5 29. g3 c5 30. Nf3 b5 31. Re5 Rxe5 32. Nxe5 Kf6 33. Nd7+
Kf5 34. Nxc5 Ke5 35. Kf1 Kd5 36. Nd3 Kc4 37. Ke2 Kb3 38. Kd2 h5 39. Kc1 f6 40.
Nc5+ Kc4 41. Nd7 f5 42. Ne5+ Kd5 43. Nxg6 Kc4 44. Nf4 Kb3 45. Nxh5 b4 46. cxb4
axb4 47. axb4 Kxb4 48. Nf4 Kc4 49. h5 Kd4 50. h6 Ke5 51. h7 Kf6 52. h8=Q+ Kg5
53. Qg7# 1-0

[Event "Treas. Valley Ch (Res.)"]
[Site "Nampa, ID"]
[Date "2010.01.23"]
[Round "3.2"]
[White "Pentland, Thomas James"]
[Black "Ebenroth, Wayne W"]
[Result "0-1"]
[WhiteElo "1000"]
[BlackElo "1000"]

1. f4 d5 2. Nf3 c5 3. g3 Nc6 4. e3 Nf6 5. Bg2 Bg4 6. O-O e6 7. h3 Bh5 8. d4
Ne4 9. Nbd2 Nxg3 10. Rf2 cxd4 11. exd4 Nxd4 12. Qe1 Nxc2 13. Qe5 Nxa1 14. Nb3
Nxb3 15. axb3 Bc5 16. Nd4 Bxd4 17. Qxd4 O-O 18. Qe3 Nf5 19. Qe5 Qb6 20. Qc3
Rac8 21. Qd2 Qxb3 {#R} 0-1

[Event "Treas. Valley Ch (Res.)"]
[Site "Nampa, ID"]
[Date "2010.01.23"]
[Round "3.3"]
[White "Ebenroth Jr., Wayne"]
[Black "Klug, Mark"]
[Result "0-1"]
[WhiteElo "1000"]
[BlackElo "1000"]

1. e4 e5 2. Nf3 d6 3. d3 Nf6 4. Bg5 Be7 5. Bxf6 Bxf6 6. g3 Bg4 7. Bg2 Nc6 8.
O-O Qd7 9. Nc3 Nd4 10. Nxd4 Bxd1 11. Nxd1 exd4 12. e5 dxe5 13. Bxb7 Rb8 14.
Be4 Rb6 15. b3 Bg5 16. Nb2 Rh6 17. Nc4 Qh3 18. Rfe1 Qxh2+ 19. Kf1 Rf6 20. Nxe5
Qxf2# 0-1

[Event "Treas. Valley Ch (Res.)"]
[Site "Nampa, ID"]
[Date "2010.01.23"]
[Round "3.4"]
[White "Pemsler, Carmen"]
[Black "Ebenroth, Rebecca"]
[Result "1-0"]
[WhiteElo "1000"]
[BlackElo "1000"]

1. c4 Nf6 2. Nc3 Nc6 3. g3 g6 4. Bg2 Bg7 5. Nf3 O-O 6. O-O b6 7. Ne5 Bb7 8.
Nxc6 Bxc6 9. Nd5 Nxd5 10. cxd5 Bb7 11. e4 d6 12. Rb1 Qd7 13. b3 Ba6 14. d3 c5
15. Bb2 Bxb2 16. Rxb2 Qd8 17. Re1 Bc8 18. e5 Bd7 19. e6 fxe6 20. dxe6 Be8 21.
Bxa8 Qxa8 22. d4 cxd4 23. Qxd4 Bc6 24. f4 Bh1 25. Qc4 Qg2+ 26. Rxg2 Bxg2 27.
Kxg2 Rf6 28. Qc8+ Kg7 29. Qd7 a5 30. Qxe7+ Kh6 31. Qxf6 b5 32. e7 d5 33. e8=Q
b4 34. Re6 Kh5 35. Qexg6+ hxg6 36. Qxg6# 1-0

[Event "Treas. Valley Ch (Res.)"]
[Site "Nampa, ID"]
[Date "2010.01.23"]
[Round "4.1"]
[White "Proferes, Aaron"]
[Black "Patterson, Kevin R"]
[Result "1/2-1/2"]
[WhiteElo "1000"]
[BlackElo "1200"]

1. d4 c6 2. Nf3 d5 3. Nc3 Bf5 4. e3 h6 5. Bd3 Bxd3 6. Qxd3 e6 7. e4 Nd7 8. e5
Bb4 9. O-O Ne7 10. a3 Ba5 11. Bd2 Nf5 12. Ne2 Bxd2 13. Qxd2 O-O 14. Rac1 Rc8
15. c4 b6 16. c5 bxc5 17. dxc5 Qc7 18. Qc3 Rb8 19. b4 Ne7 20. Nf4 f6 21. Nxe6
Qc8 22. Nxf8 Qxf8 23. e6 Ne5 24. Nxe5 fxe5 25. Qxe5 Rb7 26. Rc3 Ng6 27. Qg3
Nf4 28. Rf3 Ne2+ 29. Kh1 Nxg3+ 30. hxg3 Qe8 31. Re1 Re7 32. Rfe3 Qh5+ 33. Kg1
Qg6 34. f4 Qf6 35. Re5 g6 36. Kf2 Qf8 37. Kf3 Qd8 38. Ke3 Kg7 39. Kd4 Kf6 40.
g4 Qe8 41. f5 Qh8 42. b5 cxb5 43. c6 gxf5 44. Kxd5 Qd8+ 45. Kc5 Qb6+ 46. Kd6
Qc7+ 47. Kc5 Qb6+ 48. Kd6 {#d} 1/2-1/2

[Event "Treas. Valley Ch (Res.)"]
[Site "Nampa, ID"]
[Date "2010.01.23"]
[Round "4.2"]
[White "Patterson, Katie Rae"]
[Black "Klug, Mark"]
[Result "0-1"]
[WhiteElo "1014"]
[BlackElo "1000"]

1. c4 e5 2. Nc3 Nf6 3. Nf3 c6 4. Nxe5 Qe7 5. Nf3 d5 6. cxd5 cxd5 7. d4 Nc6 8.
g3 Bg4 9. Bg2 Ne4 10. Nxd5 Qd6 11. Ne3 Bxf3 12. Bxf3 Qb4+ 13. Bd2 Qxd4 14.
Bxe4 Qxe4 15. O-O Bc5 16. Qb3 Nd4 17. Qd3 Nf3+ 18. exf3 Qxd3 19. Rfd1 O-O 20.
Bc3 Qe2 21. Rd5 Bxe3 22. fxe3 Qxe3+ 23. Kg2 Qe2+ 24. Kg1 Qxf3 25. Rad1 Rfe8
26. R1d2 Qe3+ 27. Kg2 Qe4+ 28. Kg1 g6 29. R5d4 Qb1+ 30. Rd1 Qxa2 31. Rd7 Qa6
32. Kh1 b5 33. Kg1 Qb6+ 34. Kh1 b4 35. Bd4 Qc6+ 36. Kg1 Qxd7 37. h4 Qg4 38.
Rd2 Qxg3+ 39. Rg2 Qb3 40. h5 Qd1+ 41. Kh2 Qxd4 42. hxg6 b3 43. Rf2 Qxf2+ 44.
Kh1 Re1# 0-1

[Event "Treas. Valley Ch (Res.)"]
[Site "Nampa, ID"]
[Date "2010.01.23"]
[Round "4.3"]
[White "Ebenroth, Wayne W"]
[Black "Pemsler, Carmen"]
[Result "1-0"]
[WhiteElo "1000"]
[BlackElo "1000"]

1. e4 c6 2. f4 d5 3. e5 f6 4. d4 c5 5. Bd3 Nc6 6. Qh5+ g6 7. Bxg6+ hxg6 8.
Qxh8 Nh6 9. Qh7 Nxd4 10. Qxg6+ Nf7 11. Be3 Nxc2+ 12. Qxc2 fxe5 13. fxe5 Nxe5
14. Ne2 d4 15. Qe4 Qd6 16. Bf4 Bg7 17. O-O d3 18. Nec3 Be6 19. Nd2 O-O-O 20.
Nb5 Qb6 21. Nxa7+ Qxa7 22. Bxe5 Bxe5 23. Qxe5 c4+ 24. Kh1 Bd5 25. a3 b6 26.
Rf5 Qb7 27. Nf3 d2 28. Rd1 Bxf3 29. Rxf3 Qd7 30. Qc3 b5 31. Rf2 Qd3 32. Rfxd2
b4 33. axb4 Qxc3 34. Rxd8+ Kc7 35. bxc3 Kb6 36. R1d5 e6 37. Rc5 e5 38. Re8 e4
39. Rxe4 Ka6 40. Rg4 Kb6 41. Rg6+ Kb7 42. Rh5 Ka7 43. Rh7+ Ka8 44. Rg8# 1-0

[Event "Treas. Valley Ch (Res.)"]
[Site "Nampa, ID"]
[Date "2010.01.23"]
[Round "4.4"]
[White "Ebenroth Jr., Wayne"]
[Black "Pentland, Thomas James"]
[Result "0-1"]
[WhiteElo "1000"]
[BlackElo "1000"]

1. e4 c5 2. Nf3 e5 3. Bc4 Nc6 4. O-O Nf6 5. Nc3 b6 6. Qe2 Bb7 7. Bd5 Qc7 8.
Bxc6 Bxc6 9. Qa6 Nxe4 10. Re1 Nxc3 11. bxc3 Bb7 12. Qc4 d5 13. Qb3 Be7 14.
Rxe5 O-O-O 15. c4 Bf6 16. Rxd5 Bxa1 17. Rxd8+ Rxd8 18. c3 Bxf3 19. gxf3 Rd6
20. d4 Rg6+ 21. Kf1 Qxh2 22. Ke2 Rg2 23. Ke3 Qg1 24. Kf4 Qxc1+ 25. Ke4 Bxc3
26. a3 cxd4 27. a4 Rg5 28. a5 Bxa5 29. Qb5 Qd2 30. Qc6+ Kd8 31. Qa8+ Ke7 32.
Qb7+ Kd6 33. Qb8+ Kc5 34. Qc7+ Kb4 35. Qd6+ Rc5 36. Qxc5+ Kxc5 37. f4 Qxf2 38.
f5 Qe3# 0-1

[Event "ICU TVCC"]
[Site "Boise, ID"]
[Date "2011.07.23"]
[Round "1.1"]
[White "Lang, Jamie"]
[Black "Sawyer, David L"]
[Result "0-1"]
[WhiteElo "1496"]
[BlackElo "1944"]

1. e4 c5 2. Nf3 g6 3. d4 cxd4 4. Nxd4 Nc6 5. Nc3 Bg7 6. Be3 Nf6 7. f3 O-O 8.
Qd2 d5 9. Nxc6 bxc6 10. O-O-O Qa5 11. e5 Nd7 12. f4 Nb6 13. Be2 Ba6 14. b3
Bxe2 15. Nxe2 Qxa2 16. Nc3 Qa1+ 17. Nb1 Rfb8 18. Bd4 Qa2 19. Nc3 Qa6 20. Qd3
Qc8 21. Bc5 Bf8 22. Qd4 e6 23. Kd2 Nd7 24. Na4 Nxc5 25. Nxc5 Rb5 26. Na4 Rb4
27. Qf2 c5 28. Nb2 c4 29. Ke2 cxb3 30. cxb3 Rxb3 31. Nd3 a5 32. Rc1 Qa6 33.
Rhd1 a4 34. Rd2 Bb4 {#R} 0-1

[Event "ICU TVCC"]
[Site "Boise, ID"]
[Date "2011.07.23"]
[Round "1.2"]
[White "Douglas, Kurt"]
[Black "Pentico, Christopher"]
[Result "1/2-1/2"]
[WhiteElo "1714"]
[BlackElo "1452"]

1. e4 Nc6 2. d4 d5 3. e5 Bf5 4. Ne2 e6 5. c3 Be7 6. Ng3 Bg6 7. Be2 f6 8. f4
Nh6 9. O-O O-O 10. Nd2 fxe5 11. fxe5 Bg5 12. Nf3 Bxc1 13. Qxc1 Nf5 14. Nxf5
Bxf5 15. Qd2 Ne7 16. Rf2 Ng6 17. Raf1 Qe7 18. Bd3 Bxd3 19. Qxd3 c5 20. Qe3 b6
21. Qg5 Qxg5 22. Nxg5 Rxf2 23. Rxf2 Nf8 24. Nf7 cxd4 25. cxd4 Rc8 26. Nd6 Rc1+
27. Rf1 Rc2 {#d} 1/2-1/2

[Event "ICU TVCC"]
[Site "Boise, ID"]
[Date "2011.07.23"]
[Round "1.4"]
[White "Looney, Daniel S"]
[Black "Patterson, Kevin R"]
[Result "1/2-1/2"]
[WhiteElo "1635"]
[BlackElo "1184"]

1. e4 c6 2. Ne2 d5 3. f3 Nf6 4. e5 Ng8 5. d4 Bf5 6. Ng3 Bg6 7. Nc3 e6 8. Be3
Ne7 9. Bd3 Bxd3 10. Qxd3 g6 11. O-O Bg7 12. Rf2 Nd7 13. Raf1 O-O 14. Nd1 Re8
15. Bd2 Nf5 16. Nxf5 exf5 17. g4 fxg4 18. fxg4 f6 19. Qh3 fxe5 20. Bh6 Rf8 21.
Rxf8+ Bxf8 22. Bxf8 Nxf8 23. dxe5 Qe7 24. Qe3 a6 25. Nf2 Ne6 {#d} 1/2-1/2

[Event "ICU TVCC"]
[Site "Boise, ID"]
[Date "2011.07.23"]
[Round "1.5"]
[White "Patterson, Katie Rae"]
[Black "Edvalson, Paul"]
[Result "0-1"]
[WhiteElo "1039"]
[BlackElo "1600"]

1. c4 f5 2. Nc3 Nf6 3. Nf3 g6 4. g3 Bg7 5. Bg2 d6 6. O-O e5 7. d3 h6 8. b3 O-O
9. Bb2 Nc6 10. e3 Be6 11. e4 f4 12. d4 exd4 13. Nxd4 Nxd4 14. Qxd4 Ng4 15. Qd2
f3 16. Bh3 Qd7 17. Rfe1 Kh8 18. Nd5 Ne5 19. Bxe6 Qxe6 20. Nxc7 Qh3 21. Nxa8
Qg2# 0-1

[Event "ICU TVCC"]
[Site "Boise, ID"]
[Date "2011.07.23"]
[Round "1.6"]
[White "Kirk, Patrick"]
[Black "Pemsler, Carmen E"]
[Result "1-0"]
[WhiteElo "1700"]
[BlackElo "1000"]

1. e4 c6 2. Nf3 d5 3. exd5 cxd5 4. Bb5+ Nc6 5. Ne5 Bd7 6. Bxc6 bxc6 7. d4 Nf6
8. Nc3 c5 9. Bg5 e6 10. Bxf6 Qxf6 11. Nxd7 Kxd7 12. Ne2 Bd6 13. c3 Rab8 14.
Qa4+ Kc8 15. Qa6+ Kc7 16. O-O Rxb2 17. Rab1 Rhb8 18. Rxb2 Rxb2 19. Qxa7+ Kc6
20. dxc5 Bxc5 21. Nd4+ Bxd4 22. cxd4 Qf4 23. Qa4+ Kb6 24. g3 Qd2 25. Qe8 Qxd4
26. Qxf7 Qe5 27. a4 Rb4 28. Qe8 Ka5 29. Qa8+ Kb6 30. a5+ Kb5 31. Rc1 Rc4 32.
Rb1+ Kc5 33. Qa7+ Kc6 34. Rb6+ {#r} 1-0

[Event "ICU TVCC"]
[Site "Boise, ID"]
[Date "2011.07.23"]
[Round "2.1"]
[White "Sawyer, David L"]
[Black "Kirk, Patrick"]
[Result "0-1"]
[WhiteElo "1944"]
[BlackElo "1700"]

1. e4 c5 2. Nf3 Nc6 3. Bb5 g6 4. Bxc6 bxc6 5. Nc3 Bg7 6. O-O d6 7. b3 Nf6 8.
h3 Nxe4 9. Bb2 Nxc3 10. Bxc3 Bxc3 11. dxc3 O-O 12. Re1 h6 13. Qe2 Be6 14. Nh4
Kh7 15. f4 Qd7 16. g4 Rae8 17. Rad1 Qc7 18. Qd3 Rg8 19. c4 d5 20. Nxg6 Rxg6
21. f5 Bxf5 22. Qxf5 Qg3+ 23. Kf1 Qxh3+ 24. Kf2 Kg8 25. Rg1 Rf6 {#R} 0-1

[Event "ICU TVCC"]
[Site "Boise, ID"]
[Date "2011.07.23"]
[Round "2.2"]
[White "Roland, Jeffrey T"]
[Black "Edvalson, Paul"]
[Result "1-0"]
[WhiteElo "1686"]
[BlackElo "1600"]

1. d4 f5 2. g3 Nf6 3. Bg2 g6 4. Nh3 Bg7 5. O-O O-O 6. c4 d6 7. Qb3 Kh8 8. Bxb7
Bxb7 9. Qxb7 Nbd7 10. Nf4 Re8 11. Ne6 Qc8 12. Qxc8 Raxc8 13. Nc3 c5 14. d5 a6
15. Rb1 Nf8 16. Nxg7 Kxg7 17. f3 e6 18. e4 fxe4 19. fxe4 exd5 20. exd5 N8d7
21. Bf4 Ne5 22. b3 h6 23. Bxh6+ Kxh6 24. Rxf6 Rcd8 25. h3 Rf8 26. Rbf1 Kg7 27.
Ne4 Nf7 28. Re6 Rfe8 29. Rff6 a5 30. Rxg6+ Kh8 31. Nxd6 Nxd6 32. Rxd6 Rxd6 33.
Rxd6 a4 34. Kf2 axb3 35. axb3 Rb8 36. Rc6 Rxb3 37. Rxc5 Rb2+ 38. Ke3 Rb3+ 39.
Kf4 Kg7 40. Rc7+ Kf6 41. h4 Rc3 42. g4 Rd3 43. Ke4 Rh3 44. g5+ Kg6 45. Rc6+
Kf7 46. Rh6 Kg7 47. d6 Rh1 48. Kd5 Rd1+ 49. Kc6 Rd2 50. d7 Rd4 51. Rd6 Rxd6+
52. Kxd6 {#r} 1-0

[Event "ICU TVCC"]
[Site "Boise, ID"]
[Date "2011.07.23"]
[Round "2.3"]
[White "Patterson, Kevin R"]
[Black "Douglas, Kurt"]
[Result "1/2-1/2"]
[WhiteElo "1184"]
[BlackElo "1714"]

1. e4 c5 2. d4 cxd4 3. c3 dxc3 4. Nxc3 Nc6 5. Nf3 d6 6. Bc4 e6 7. O-O Be7 8.
Qe2 Nf6 9. Rd1 O-O 10. e5 Ne8 11. Bf4 d5 12. Bb3 a6 13. Bc2 Nb4 14. a3 Nxc2
15. Qxc2 Bd7 16. Qd2 h6 17. b4 g5 18. Bg3 Ng7 19. h3 f5 20. exf6 Bxf6 21. Be5
Bc6 22. Bxf6 Qxf6 23. Qd4 e5 24. Qxe5 Qxe5 25. Nxe5 Rf5 26. Nxc6 bxc6 {#d}
1/2-1/2

[Event "ICU TVCC"]
[Site "Boise, ID"]
[Date "2011.07.23"]
[Round "2.4"]
[White "Pentico, Christopher"]
[Black "Looney, Daniel S"]
[Result "0-1"]
[WhiteElo "1452"]
[BlackElo "1635"]

1. Nf3 c5 2. c4 Nc6 3. Nc3 g6 4. g3 Bg7 5. Bg2 a6 6. O-O b5 7. cxb5 axb5 8.
Nxb5 Ba6 9. Nc3 e6 10. d3 d5 11. Re1 Nge7 12. Rb1 O-O 13. a3 Rb8 14. e4 dxe4
15. Nxe4 Bxd3 16. Ra1 Bxe4 17. Qxd8 Rfxd8 18. Rxe4 Rd1+ 19. Re1 Rxe1+ 20. Nxe1
Nd4 21. Bg5 Nd5 22. Bxd5 exd5 23. Nd3 Nf3+ 24. Kg2 Nxg5 25. Nxc5 Rxb2 26. Rd1
d4 27. a4 Ra2 28. Rd3 Ne6 {#R} 0-1

[Event "ICU TVCC"]
[Site "Boise, ID"]
[Date "2011.07.23"]
[Round "2.5"]
[White "Patterson, Katie Rae"]
[Black "Lang, Jamie"]
[Result "0-1"]
[WhiteElo "1039"]
[BlackElo "1496"]

1. e4 e5 2. Nc3 Nf6 3. Nf3 Nc6 4. Bc4 Bb4 5. O-O O-O 6. a3 Bxc3 7. bxc3 Nxe4
8. Bb2 d5 9. Bb5 Bg4 10. h3 Bxf3 11. gxf3 Qg5+ 12. Kh2 Nxd2 13. Rg1 Qf4+ 14.
Kh1 Nxf3 15. Rg2 Ne7 16. Rg3 e4 17. c4 Nf5 18. Rg2 c6 19. Ba4 g6 20. cxd5 Rad8
21. Rg4 Qh2# 0-1

[Event "ICU TVCC"]
[Site "Boise, ID"]
[Date "2011.07.23"]
[Round "3.1"]
[White "Kirk, Patrick"]
[Black "Roland, Jeffrey T"]
[Result "1-0"]
[WhiteElo "1700"]
[BlackElo "1686"]

1. e4 e5 2. f4 d5 3. Nf3 exf4 4. Qe2 dxe4 5. Qxe4+ Qe7 6. Qxe7+ Bxe7 7. d4 Bd6
8. Bc4 Nf6 9. O-O O-O 10. Nc3 Bf5 11. Rf2 Nbd7 12. Nh4 Be6 13. d5 Bg4 14. Rf1
g5 15. Nf3 Bc5+ 16. Kh1 h6 17. Ne2 Bxf3 18. gxf3 Nb6 19. Bd3 Nbxd5 20. b3 Ne3
21. Rg1 Rfe8 22. Nxf4 Nxc2 23. Bxc2 Bxg1 24. Bb2 Bxh2 25. Kxh2 Nd7 26. Rg1 Ne5
27. Be4 Rad8 28. Nd5 Kg7 29. f4 f6 30. fxe5 fxe5 31. Nxc7 {#r} 1-0

[Event "ICU TVCC"]
[Site "Boise, ID"]
[Date "2011.07.23"]
[Round "3.2"]
[White "Edvalson, Paul"]
[Black "Sawyer, David L"]
[Result "0-1"]
[WhiteElo "1600"]
[BlackElo "1944"]

1. d4 Nf6 2. Nc3 d5 3. e4 dxe4 4. f3 exf3 5. Nxf3 Bg4 6. h3 Bh5 7. g4 Bg6 8.
Ne5 Nbd7 9. Bg2 c6 10. Nxg6 hxg6 11. O-O e6 12. Qf3 Qe7 13. Bg5 O-O-O 14. Ne4
Qb4 15. c3 Qb5 16. a4 Qd5 17. Nxf6 Qxf3 18. Rxf3 gxf6 19. Bxf6 Nxf6 20. Rxf6
Rh7 21. Raf1 Rd7 22. a5 a6 23. Kf2 Bd6 24. Ke2 Bc7 25. b4 Bd8 26. R6f2 Kc7 27.
Kd3 e5 28. Kc4 exd4 29. cxd4 f6 30. Be4 Rxh3 31. Bxg6 Rg3 32. Bf5 Re7 33. Rf3
Rxf3 34. Rxf3 Re1 35. Rd3 Be7 36. d5 Rc1+ 37. Kb3 Rb1+ 38. Kc2 Rxb4 39. dxc6
Kxc6 40. Rd7 Bd6 41. Rf7 Be5 42. Bd7+ Kc5 43. Bc8 Rc4+ 44. Kd2 Kb5 45. Bxb7
Rxg4 46. Bf3 Rd4+ 47. Ke2 Kxa5 48. Ke3 Rd6 49. Be2 Kb6 50. Rf8 a5 51. Ra8 Bc3
52. Ra6+ Kc5 53. Rxd6 Kxd6 54. Bb5 Kc5 55. Bd7 Kb4 56. Kd3 Be5 57. Ke4 a4 58.
Be6 Kc3 59. Kf5 a3 60. Ke4 Kb2 61. Bd5 a2 {#R} 0-1

[Event "ICU TVCC"]
[Site "Boise, ID"]
[Date "2011.07.23"]
[Round "3.3"]
[White "Douglas, Kurt"]
[Black "Lang, Jamie"]
[Result "1-0"]
[WhiteElo "1714"]
[BlackElo "1496"]

1. e4 e5 2. Nf3 Nc6 3. Bb5 a6 4. Ba4 Nf6 5. O-O $2 Be7 6. Re1 b5 7. Bb3 O-O $2
8. c3 d5 9. exd5 Nxd5 10. Nxe5 Nxe5 11. Rxe5 c6 12. d4 Bd6 13. Re1 Qh4 14. g3
Qh3 15. Qd3 Bf5 16. Qf1 Rfe8 17. Bxd5 Rxe1 18. Bxf7+ Kxf7 19. Qxe1 Bd3 20. Be3
h5 21. Nd2 h4 22. Nf3 Qg4 23. Nxh4 Rh8 24. f3 Qh3 25. Qf2 Be7 26. Rd1 g5 27.
Qg2 Qxg2+ 28. Nxg2 Be2 29. Re1 Bxf3 30. Rf1 g4 31. Ne1 {#r} 1-0

[Event "ICU TVCC"]
[Site "Boise, ID"]
[Date "2011.07.23"]
[Round "3.5"]
[White "Pemsler, Carmen E"]
[Black "Pentico, Christopher"]
[Result "0-1"]
[WhiteElo "1000"]
[BlackElo "1452"]

1. c4 g6 2. Nc3 Bg7 3. d4 Nf6 4. Nf3 O-O 5. Bf4 d6 6. e4 Nh5 7. Bg5 h6 8. Bh4
c5 9. dxc5 Bxc3+ 10. bxc3 dxc5 11. Qxd8 Rxd8 12. Bxe7 Re8 13. Bxc5 Rxe4+ 14.
Be3 Nc6 15. Bd3 Re8 16. O-O Kh7 17. Rab1 b6 18. Rfe1 Bg4 19. Nd4 Ne5 20. Be4
Rac8 21. Bd5 Re7 22. f4 Nxc4 23. Bxc4 Rxc4 24. Bd2 Rxe1+ 25. Rxe1 Ra4 26. Ra1
Nf6 27. Nb5 Ne4 28. Be1 Be2 29. Nd4 Ba6 30. a3 Rc4 31. Rc1 Nc5 32. Rc2 Nd3 33.
Bd2 Ra4 34. Ra2 Bb7 35. g3 Bd5 36. Ra1 a6 37. Ne2 Re4 38. Nd4 b5 39. a4 Bc4
40. axb5 axb5 41. Rb1 b4 42. Nc6 Ba2 43. Ra1 b3 44. Rf1 b2 {#R} 0-1

[Event "ICU TVCC"]
[Site "Boise, ID"]
[Date "2011.07.23"]
[Round "4.1"]
[White "Douglas, Kurt"]
[Black "Kirk, Patrick"]
[Result "1-0"]
[WhiteElo "1714"]
[BlackElo "1600"]

1. e4 c5 2. Nf3 Nc6 3. d4 cxd4 4. Nxd4 g6 5. Nc3 Bg7 6. Be3 Nf6 7. f3 a6 8.
Qd2 Nxd4 9. Bxd4 d6 10. O-O-O b5 11. g4 O-O 12. g5 Nh5 13. Bxg7 Kxg7 14. Be2
e5 15. h4 Nf4 16. Rh2 Be6 17. Qxd6 Qxd6 18. Rxd6 Rfc8 19. Bf1 Rc5 20. Rhd2
Rac8 21. Rxa6 Rxc3 22. bxc3 Rxc3 23. Bd3 b4 24. Kb2 Rc5 25. Rb6 Ra5 26. Rxb4
Rxa2+ 27. Kb1 Ra7 28. Bc4 Bd7 29. Rb8 Bc6 30. Rdd8 Rb7+ 31. Rxb7 Bxb7 32. Rd7
{#r} 1-0

[Event "ICU TVCC"]
[Site "Boise, ID"]
[Date "2011.07.23"]
[Round "4.2"]
[White "Sawyer, David L"]
[Black "Roland, Jeffrey T"]
[Result "0-1"]
[WhiteElo "1944"]
[BlackElo "1686"]

1. e4 c5 2. Nf3 d6 3. d4 cxd4 4. Nxd4 Nf6 5. Nc3 a6 6. Be3 e5 7. Nb3 Be6 8.
Qd2 Be7 9. O-O-O Nc6 10. f3 O-O 11. g4 b5 12. h4 Rc8 13. h5 Bxb3 14. axb3 Nb4
15. Kb1 Qa5 16. Bd3 d5 17. g5 Nxe4 18. fxe4 d4 19. Na4 dxe3 20. Qxe3 bxa4 21.
c3 axb3 {#R} 0-1

[Event "ICU TVCC"]
[Site "Boise, ID"]
[Date "2011.07.23"]
[Round "4.3"]
[White "Pentico, Christopher"]
[Black "Patterson, Kevin R"]
[Result "1-0"]
[WhiteElo "1452"]
[BlackElo "1184"]

1. c4 g6 2. Nf3 Bg7 3. d4 c6 4. Nc3 d5 5. cxd5 cxd5 6. Bf4 Nc6 7. e3 e6 8. Bb5
Bd7 9. O-O Nge7 10. e4 O-O 11. exd5 Nxd5 12. Bd6 Re8 13. Re1 a6 14. Bf1 Qb6
15. Na4 Qd8 16. Ne5 Nxe5 17. dxe5 Qa5 18. Nc5 Bc6 19. a3 Qd8 20. b4 Qg5 21.
Nd3 Bf8 22. Bxf8 Kxf8 23. Qc1 Qxc1 24. Raxc1 Rac8 25. g3 Kg7 26. f4 Red8 27.
Nf2 h5 28. Ne4 Ne7 29. Nd6 Rc7 30. Bg2 Nd5 31. Kf2 Rf8 32. Re2 f6 33. exf6+
Kxf6 34. Ne4+ Ke7 35. Ng5 Rd7 36. Rxe6+ {#r} 1-0